00430nam a2200133 i 450000100060000000300090000600500170001500700030003200800410003524501100007626000550018630000360024185200190027722252ES-MaACL20230906152645.0t|021202s1863 sp ||||1| spa d03aLa Alhambra b: relatos de Granada : recuerdos de Andalucía / ccolección de artículos escogidos... aBarcelona : b[s.n., c1863] (fNarciso Ramírez) aXIII, 484 p. : bil. ; c27 cm. aES-MaACLjF-22